Vplyv zákona o športe na účtovné, daňové a odvodové povinnosti fyzických a právnických osôb v športe diplomová práca

Gespeichert in:
Bibliographische Detailangaben
1. Verfasser: Kulifaj, Lukáš
Körperschaft: Fakulta hospodárskej informatiky EU. Katedra účtovníctva a audítorstva
Weitere Verfasser: Szász, Marek
Format: Buch
Sprache:Slowakisch
Veröffentlicht: Bratislava 2018
Tags: Tag hinzufügen
Keine Tags, Fügen Sie das erste Tag hinzu!

MARC

LEADER 00000nbm a2200000 4500
001 0243590
005 20181108091818.6
041 0 |a slo 
044 |a SK 
245 1 0 |a Vplyv zákona o športe na účtovné, daňové a odvodové povinnosti fyzických a právnických osôb v športe  |b diplomová práca  |c Lukáš Kulifaj ; školiteľ: Marek Szász 
264 1 |a Bratislava  |c 2018 
300 |a 62 s. 
100 1 |a Kulifaj, Lukáš 
700 1 |a Szász, Marek 
710 2 |a Fakulta hospodárskej informatiky EU. Katedra účtovníctva a audítorstva